02992cam a22004214i 4500003000900000005001700009008004100026020001500067020001800082035002000100040003300120082001700153100003500170245012300205246005400328250002000382264005100402300005500453336002100508337002500529338002300554504004800577504003400625505174600659526001002405526001002415526001002425526001002435526000802445526000802453526000802461526000802469526000802477526000802485526000802493650002702501700004202528PE-LiUPU20250731173108.0181211s2018 miua rb 001 0 eng d a0825444772 a9780825444777 a(Sirsi) a251004 aPE-LiUPUbspacPE-LiUPUerda04a266bH482201 aHesselgrave, David J.,eautor.10aParadigms in conflict :b15 key questions in christian missions today /cDavid J. Hesselgrave, Keith E. Eitel, editor.3 aFifteen key questions in Christian missions today aSecond edition. 1aGrand Rapids, MI. :bKregel Academic,c[2018]. a378 páginas :bilustraciones ;c23 centímetros atext2rdacontent aunmediated2rdamedia avolume2rdacarrier aBibliografía al final de cada capítulo. aÍndice : páginas 366-378. aSovereignty and Free Will: an Impossible Mix or a Perfect Match? -- Update Reflection: John Mark Terry -- Restrictivism and Inclusivism: Is This Missions Trip Really Necessary? -- Update Reflection: Keith E. Eitel -- Common Ground and Enemy Territory: How Should We Approach Other Faiths? -- Update Reflection: Keith E. Eitel -- Holism and Prioritism: For Whom Is the Gospel Good News? -- Update Reflection: Christopher R. Little -- Incarnationalism and Representationalism: Who Is Our Missionary Model-Jesus or Paul? -- Update Reflection: Christopher R. Little -- Power Encounter and Truth Encounter: What Is Essential in Spiritual Warfare? -- Update Reflection: Robin Dale Hadaway -- Amateurization and Professionalization: A Call for Missionaries or a Divine Calling? -- Update Reflection: Robin Dale Hadaway -- Form and Meaning: How Does the Inspiration of Scripture "In-form" Contextualization and Make It "Meaning-full"? -- Update Reflection: Bruce Riley Ashford and D. Scott Hildreth -- Countdowns and Prophetic Alerts: If We Go in Force, Will He Come in Haste? -- Update Reflection: John Mark Terry -- The Kindgom of God and the Church of Christ: What on Earth Is God Building-Here and Now? -- Update Reflection: Bruce Riley Ashford and D. Scott Hildreth -- Theology and the Social Sciences: What Role Should They Play in Church Planting Strategy? -- Bruce Riley Ashford and D. Scott Hildreth -- Challenges of World Christianities: What Is God Doing in Our World? -- Keith E. Eitel -- Harvest Missions vs. Pioneer Missions: Discipling the Masses or to the Margins? -- Robin Dale Hadaway -- Creation: Is Creation Care Mission? -- Christopher R. Little -- Business as Mission: When is it Mission and When is it Not? -- John Mark Terry. aSEG42 aSEG41 aSEG40 aSEG39 aP94 aP87 aP86 aP85 aP77 aP76 aP3504aMisionesxLa teoría.1 aEitel, Keith Eugene,d1954-,eeditor.